LGBT policy in Flanders A brief introduction

সংরক্ষণ করুন:
গ্রন্থ-পঞ্জীর বিবরন
সংস্থা লেখক: Equal Opportunities in Flanders
বিন্যাস: গ্রন্থ
ভাষা:ইংরেজি
প্রকাশিত: Bruxelles Equal Opportunities in Flanders 2010
ট্যাগগুলো: ট্যাগ যুক্ত করুন
কোনো ট্যাগ নেই, প্রথমজন হিসাবে ট্যাগ করুন!

MARC

LEADER 00000nam a2200000 4500
005 20240717181659.0
008 240717b |||||||| |||| 00| 0 eng d
040 |c GP 
110 |a Equal Opportunities in Flanders 
245 |a LGBT policy in Flanders  |b A brief introduction 
260 |a Bruxelles  |b Equal Opportunities in Flanders  |c 2010 
942 |2 ddc  |c BK  |n 0 
952 |0 0  |1 0  |2 ddc  |4 0  |6 306_766000000000000_GEL  |7 1  |9 1629  |a RM  |b RM  |d 2024-07-17  |l 0  |o 306.766 GEL  |p 461  |r 2024-07-17 18:17:20  |w 2024-07-17  |y BK 
999 |c 1445  |d 1445